Bharatar uttar-purbanchalar paribeshya kala (Record no. 9800)

MARC details
000 -LEADER
fixed length control field 00523cam a2200205ua 4500
008 - FIXED-LENGTH DATA ELEMENTS--GENERAL INFORMATION
fixed length control field 190408n ii |||gr||||Z||||||asm
020 ## - INTERNATIONAL STANDARD BOOK NUMBER
International Standard Book Number 9788173394737
040 ## - CATALOGING SOURCE
Transcribing agency MAIN
041 ## - LANGUAGE CODE
-- asm
082 ## - DEWEY DECIMAL CLASSIFICATION NUMBER
Classification number 398.095416
100 ## - MAIN ENTRY--PERSONAL NAME
Personal name Nabin Chandra Sharma,
Relator term
245 ## - TITLE STATEMENT
Title Bharatar uttar-purbanchalar paribeshya kala
Statement of responsibility, etc. By Nabin Chandra Sharma
250 ## - EDITION STATEMENT
Edition statement 2nd rev. ed.
260 ## - PUBLICATION, DISTRIBUTION, ETC.
Place of publication, distribution, etc. Guwahati:
Name of publisher, distributor, etc. Banalata,
Date of publication, distribution, etc. 2013.
300 ## - PHYSICAL DESCRIPTION
Extent 408p.
942 ## - ADDED ENTRY ELEMENTS (KOHA)
Koha item type Books
653 ## - INDEX TERM--UNCONTROLLED
Uncontrolled term Folklore
653 ## - INDEX TERM--UNCONTROLLED
Uncontrolled term Performing arts
Holdings
Withdrawn status Lost status Damaged status Not for loan Home library Current library Shelving location Date acquired Total Checkouts Full call number Barcode Date last seen Date last checked out Copy number Price effective from Koha item type Date due
        Central Library, Naharkatiya College Central Library, Naharkatiya College General Stacks 19/09/2020 4 398.095416Culture | SHA 24406 29/01/2021 20/01/2021 1 19/09/2020 Books  
        Central Library, Naharkatiya College Central Library, Naharkatiya College General Stacks 19/09/2020 2 398.095416Culture | SHA 24407 19/02/2021 19/02/2021 2 19/09/2020 Books 22/03/2021

Naharkatiya College © 2020. All rights reserved.

Powered By